000 00252nam a2200097Ia 4500
001 1043132
005 20250826232115.0
008 250824s9999 xx 000 0 und d
245 0 _aOSMANLININ KAYIP ATLASI
_cMUSTAFA ARMAĞAN
260 _bKETEBE YAYINLARI
999 _c1043132
_d1043132